[Event "Oberliga Nord O 1920"]
[Site "Germany"]
[Date "2019.11.24"]
[Round "3.7"]
[White "Bartolomaeus, Christian"]
[Black "Rath, Alina"]
[Result "0-1"]
[WhiteElo "2204"]
[BlackElo "2050"]
[PlyCount "98"]
[EventDate "2019.09.29"]
[EventType "team-tourn"]
[EventRounds "9"]
[EventCountry "GER"]
[SourceTitle "CBM 195 Extra"]
[Source "ChessBase"]
[SourceDate "2020.05.31"]
[SourceVersion "1"]
[SourceVersionDate "2020.05.31"]
[SourceQuality "1"]

1. e4 c5 2. Nf3 d6 3. d3 Nc6 4. g3 g6 5. Bg2 Bg7 6. 0-0 e5 7. c3 Nge7 8. Be3 0-0 9. Qd2 f5 10. Bh6 f4 11. Bxg7 Kxg7 12. Na3 h6 13. h3 g5 14. g4 Ng6 15. Ne1 Be6 16. f3 d5 17. Rf2 a6 18. b3 Rf7 19. Qb2 b5 20. Nac2 Rb8 21. b4 cxb4 22. Nxb4 Nxb4 23. Qxb4 a5 24. Qb2 b4 25. Bf1 bxc3 26. Qxc3 Qb6 27. Rc1 Rc8 28. Qa3 Rxc1 29. Qxc1 dxe4 30. dxe4 Bxa2 31. Qb2 Bb3 32. Nd3 Re7 33. h4 Nxh4 34. Kh1 Ng6 35. Rc2 a4 36. Rc5 Qd6 37. Qc1 Nh4 38. Be2 Ng6 39. Nb4 Ra7 40. Nc6 Rd7 41. Kg1 Qd2 42. Kf1 Qxc1+ 43. Rxc1 a3 44. Ra1 a2 45. Ke1 Bf7 46. Na5 Nh4 47. Bd1 Ra7 48. Nb3 Nxf3+ 49. Ke2 Bxb3 0-1

[Event "Oberliga Nord O 1819"]
[Site "Germany"]
[Date "2019.01.20"]
[Round "5.6"]
[White "Wiedersich, Jens"]
[Black "Bartolomaeus, Christian"]
[Result "1-0"]
[WhiteElo "2090"]
[BlackElo "2218"]
[PlyCount "55"]
[EventDate "2018.10.21"]
[EventType "team-tourn"]
[EventRounds "9"]
[EventCountry "GER"]
[SourceTitle "EXT 2020"]
[Source "ChessBase"]
[SourceDate "2019.10.17"]
[SourceVersion "1"]
[SourceVersionDate "2019.10.17"]
[SourceQuality "1"]
[WhiteTeam "Oberschoeneweide"]
[BlackTeam "Greifswald"]
[WhiteTeamCountry "GER"]
[BlackTeamCountry "GER"]

1. d4 f5 2. e4 fxe4 3. Nc3 Nf6 4. Bg5 g6 5. d5 Bg7 6. Bc4 d6 7. h3 Nbd7 8. Nge2 Ne5 9. Bb3 c5 10. dxc6 bxc6 11. Bxf6 exf6 12. Nxe4 d5 13. N4c3 Ba6 14. 0-0 0-0 15. Re1 Kh8 16. Nd4 Re8 17. Ba4 Qb6 18. Kh1 Bb7 19. f4 Nd7 20. Rxe8+ Rxe8 21. Nxd5 cxd5 22. Bxd7 Re4 23. c3 f5 24. Qd2 Bxd4 25. cxd4 Qxd4 26. Qa5 Qxb2 27. Rg1 d4 28. Bb5 1-0

[Event "Oberliga Nord O 1718"]
[Site "Germany"]
[Date "2017.11.12"]
[Round "3.5"]
[White "Bartolomaeus, Christian"]
[Black "Lorenz, Sascha"]
[Result "0-1"]
[WhiteElo "2214"]
[BlackElo "2229"]
[PlyCount "80"]
[EventDate "2017.10.08"]
[EventType "team-tourn"]
[EventRounds "9"]
[EventCountry "GER"]
[SourceTitle "EXT 2019"]
[Source "ChessBase"]
[SourceDate "2018.10.10"]
[SourceVersion "1"]
[SourceVersionDate "2018.10.10"]
[SourceQuality "1"]
[WhiteTeam "Greifswald"]
[BlackTeam "Berlin Tegel II"]
[WhiteTeamCountry "GER"]
[BlackTeamCountry "GER"]

1. c4 e5 2. Nc3 Nf6 3. g3 Bb4 4. Bg2 0-0 5. Qb3 Na6 6. a3 Bxc3 7. Qxc3 Re8 8. e4 c6 9. d3 d5 10. b4 dxc4 11. dxc4 Qd4 12. Bb2 Be6 13. Rc1 Qxc3+ 14. Rxc3 c5 15. b5 Nc7 16. Ne2 Nd7 17. Rc2 f6 18. Nc1 a6 19. bxa6 Rxa6 20. Nb3 b5 21. Nd2 b4 22. axb4 cxb4 23. f4 exf4 24. gxf4 Nc5 25. 0-0 Ra2 26. Rf3 b3 27. Nxb3 Na4 28. Nd2 Rb8 29. Ra3 Raxb2 30. Rxb2 Rxb2 31. Rxa4 Rxd2 32. f5 Bd7 33. Ra7 Ne8 34. e5 fxe5 35. Bd5+ Rxd5 36. cxd5 Nf6 37. Ra8+ Kf7 38. Ra7 Ke7 39. Ra5 Bxf5 40. Kg2 Bd7 0-1

[Event "Oberliga Nord O 1617"]
[Site "Germany"]
[Date "2017.03.19"]
[Round "7.5"]
[White "Bartolomaeus, Christian"]
[Black "Krefenstein, Sergej"]
[Result "0-1"]
[WhiteElo "2242"]
[BlackElo "2163"]
[PlyCount "76"]
[EventDate "2016.10.16"]
[EventType "team-tourn"]
[EventRounds "9"]
[EventCountry "GER"]
[SourceTitle "EXT 2018"]
[Source "ChessBase"]
[SourceDate "2017.10.13"]
[SourceVersion "1"]
[SourceVersionDate "2017.10.13"]
[SourceQuality "1"]
[WhiteTeam "Greifswald"]
[BlackTeam "Berlin Makkabi"]
[WhiteTeamCountry "GER"]
[BlackTeamCountry "GER"]

1. c4 Nf6 2. Nc3 g6 3. g3 Bg7 4. Bg2 0-0 5. d3 d6 6. Bg5 h6 7. Bxf6 Bxf6 8. Qd2 Bg7 9. h4 e5 10. f4 Nc6 11. h5 g5 12. fxg5 Qxg5 13. Qxg5 hxg5 14. Nd5 Nd4 15. Nxc7 Rb8 16. Rc1 Bh6 17. Nd5 g4 18. Rc3 Be6 19. Kf2 b5 20. c5 Bxd5 21. Bxd5 dxc5 22. Rh4 Kh8 23. Rxg4 Nf5 24. Re4 Nd6 25. Rxe5 Bg7 26. Nf3 c4 27. dxc4 bxc4 28. Bxc4 Rxb2 29. Bb3 Bxe5 30. Rc6 f6 31. g4 Ne4+ 32. Ke3 Ng3 33. Nh4 Kg7 34. Kf3 Rxe2 35. Ra6 Rd2 36. Rxa7+ Kh6 37. Ng6 Rc8 38. Nxe5 Rc3+ 0-1

[Event "Oberliga Nord O 1516"]
[Site "Germany"]
[Date "2016.02.22"]
[Round "7.3"]
[White "Bartolomaeus, Christian"]
[Black "Lundin, Jan"]
[Result "1/2-1/2"]
[WhiteElo "2249"]
[BlackElo "2277"]
[PlyCount "89"]
[EventDate "2015.09.20"]
[EventType "team-tourn"]
[EventRounds "9"]
[EventCountry "GER"]
[SourceTitle "EXT 2017"]
[Source "ChessBase"]
[SourceDate "2016.10.25"]
[SourceVersion "1"]
[SourceVersionDate "2016.10.25"]
[SourceQuality "1"]
[WhiteTeam "Greifswald"]
[BlackTeam "Berlin SF"]
[WhiteTeamCountry "GER"]
[BlackTeamCountry "GER"]

1. c4 e5 2. Nc3 Nc6 3. g3 g6 4. Bg2 Bg7 5. d3 d6 6. e3 Be6 7. Nge2 Qd7 8. Nd5 Nd8 9. e4 c6 10. Ne3 c5 11. Rb1 Ne7 12. b4 b6 13. f4 Rc8 14. b5 0-0 15. 0-0 f5 16. Qc2 Nf7 17. a4 fxe4 18. dxe4 exf4 19. gxf4 Bh3 20. Bxh3 Qxh3 21. Rb3 Qd7 22. Rd3 Rce8 23. e5 Qc7 24. e6 Nd8 25. Nd5 Qc8 26. Bb2 Nxe6 27. Nxe7+ Rxe7 28. Rxd6 Bxb2 29. Qxb2 Ng7 30. Ng3 Qg4 31. Qg2 Kh8 32. h3 Qc8 33. Rfd1 Qe8 34. f5 gxf5 35. Qd5 f4 36. Rd8 Qxd8 37. Qxd8 Rxd8 38. Rxd8+ Re8 39. Rxe8+ Nxe8 40. Nf5 Kg8 41. Kf2 Kf7 42. Kf3 Ke6 43. Kxf4 Nf6 44. Ng3 Nd7 45. Nf5 1/2-1/2

[Event "Oberliga Nord O 1415"]
[Site "Germany"]
[Date "2015.02.01"]
[Round "6.1"]
[White "Cremer, Jan Paul"]
[Black "Bartolomaeus, Christian"]
[Result "1/2-1/2"]
[WhiteElo "2216"]
[BlackElo "2270"]
[PlyCount "20"]
[EventDate "2014.09.21"]
[EventType "team-tourn"]
[EventRounds "9"]
[EventCountry "GER"]
[SourceTitle "EXT 2016"]
[Source "ChessBase"]
[SourceDate "2015.10.08"]
[SourceVersion "1"]
[SourceVersionDate "2015.10.08"]
[SourceQuality "1"]
[WhiteTeam "Berlin SF III"]
[BlackTeam "Greifswald"]
[WhiteTeamCountry "GER"]
[BlackTeamCountry "GER"]

1. e4 d6 2. d4 Nf6 3. Nc3 g6 4. f4 Bg7 5. Nf3 c5 6. Bb5+ Bd7 7. Qd2 cxd4 8. Nxd4 Nc6 9. Nxc6 bxc6 10. Bd3 Qb6 1/2-1/2

[Event "Oberliga Nord O 1415"]
[Site "Germany"]
[Date "2014.10.19"]
[Round "2.1"]
[White "Penzold, Andreas"]
[Black "Bartolomaeus, Christian"]
[Result "1-0"]
[WhiteElo "2394"]
[BlackElo "2270"]
[PlyCount "67"]
[EventDate "2014.09.21"]
[EventType "team-tourn"]
[EventRounds "9"]
[EventCountry "GER"]
[SourceTitle "EXT 2016"]
[Source "ChessBase"]
[SourceDate "2015.10.08"]
[SourceVersion "1"]
[SourceVersionDate "2015.10.08"]
[SourceQuality "1"]
[WhiteTeam "Potsdam Empor"]
[BlackTeam "Greifswald"]
[WhiteTeamCountry "GER"]
[BlackTeamCountry "GER"]

1. c4 f5 2. Nf3 Nf6 3. g3 g6 4. Bg2 Bg7 5. Nc3 0-0 6. 0-0 d6 7. d4 Nc6 8. d5 Ne5 9. Nxe5 dxe5 10. Qb3 Kh8 11. Be3 f4 12. Bc5 Bf5 13. Qxb7 Rb8 14. Qa6 Rxb2 15. Qa3 Rc2 16. Rac1 Rxc1 17. Rxc1 Rf7 18. Nb5 Bh6 19. Rf1 e6 20. Nxa7 exd5 21. Nc6 Qe8 22. cxd5 f3 23. Qxf3 Ne4 24. Qa3 Rd7 25. Rd1 Bg5 26. Bb4 h5 27. f3 Rxd5 28. Rxd5 Qxc6 29. fxe4 Bg4 30. h4 Bc1 31. Qc3 Qb6+ 32. Bc5 Qb1 33. Qxe5+ Kh7 34. Qe7+ 1-0

[Event "Oberliga Nord O 1314"]
[Site "Germany"]
[Date "2013.12.15"]
[Round "4.1"]
[White "Giemsa, Stephan"]
[Black "Bartolomaeus, Christian"]
[Result "1-0"]
[WhiteElo "2321"]
[BlackElo "2250"]
[PlyCount "51"]
[EventDate "2013.10.13"]
[EventType "team-tourn"]
[EventRounds "9"]
[EventCountry "GER"]
[SourceTitle "EXT 2015"]
[Source "ChessBase"]
[SourceDate "2014.11.20"]
[SourceVersion "1"]
[SourceVersionDate "2014.11.20"]
[SourceQuality "1"]
[WhiteTeam "Koenig Tegel II"]
[BlackTeam "Greifswald"]
[WhiteTeamCountry "GER"]
[BlackTeamCountry "GER"]

1. d4 f5 2. Nc3 d5 3. Bf4 a6 4. e3 Nf6 5. Nf3 e6 6. Bd3 c5 7. dxc5 Bxc5 8. 0-0 Nc6 9. Ne2 0-0 10. c4 Nb4 11. Nc3 Qe7 12. cxd5 Nbxd5 13. Nxd5 Nxd5 14. Bc4 Nxf4 15. exf4 Kh8 16. Re1 Qc7 17. Ne5 Bd6 18. Rc1 Bxe5 19. fxe5 Rd8 20. Qb3 Qe7 21. Red1 Bd7 22. Qxb7 Rab8 23. Qxa6 Rxb2 24. Qd6 Qg5 25. Bxe6 Qf4 26. Qd4 1-0

[Event "Oberliga Nord O 1314"]
[Site "Germany"]
[Date "2013.11.10"]
[Round "2.1"]
[White "Bruedigam, Martin"]
[Black "Bartolomaeus, Christian"]
[Result "0-1"]
[WhiteElo "2312"]
[BlackElo "2250"]
[PlyCount "80"]
[EventDate "2013.10.13"]
[EventType "team-tourn"]
[EventRounds "9"]
[EventCountry "GER"]
[SourceTitle "EXT 2015"]
[Source "ChessBase"]
[SourceDate "2014.11.20"]
[SourceVersion "1"]
[SourceVersionDate "2014.11.20"]
[SourceQuality "1"]
[WhiteTeam "Potsdam USV"]
[BlackTeam "Greifswald"]
[WhiteTeamCountry "GER"]
[BlackTeamCountry "GER"]

1. Nf3 d6 2. d4 f5 3. Nc3 Nf6 4. Bg5 d5 5. e3 e6 6. Ne5 Be7 7. g4 Nxg4 8. Bxe7 Qxe7 9. Nxg4 fxg4 10. Qxg4 c6 11. Bd3 g6 12. f4 Nd7 13. Qg3 Nf6 14. 0-0-0 Bd7 15. h4 b5 16. h5 Nxh5 17. Qh2 0-0-0 18. a4 a6 19. axb5 axb5 20. Kd2 Kb7 21. f5 exf5 22. Ra1 Ra8 23. Bxb5 f4 24. Bxc6+ Bxc6 25. Rae1 Qd6 26. exf4 Qxf4+ 27. Qxf4 Nxf4 28. Re7+ Kb6 29. b4 Ra7 30. Re5 Re8 31. Rg5 Rd7 32. b5 Bb7 33. Na4+ Kxb5 34. Nc5 Re2+ 35. Kd1 Rf7 36. Rg3 Bc8 37. Rf1 Ree7 38. Rff3 h5 39. Rb3+ Kc6 40. Rbc3 Ne2 0-1

[Event "Oberliga Nord O 0910"]
[Site "Germany"]
[Date "2009.12.16"]
[Round "4.2"]
[White "Gurack, Daniel"]
[Black "Bartolomaeus, Christian"]
[Result "0-1"]
[WhiteElo "2181"]
[BlackElo "2224"]
[PlyCount "100"]
[EventDate "2009.10.18"]
[EventType "team-tourn"]
[EventRounds "9"]
[EventCountry "GER"]
[SourceTitle "EXT 2011"]
[Source "ChessBase"]
[SourceDate "2010.11.26"]
[SourceVersion "1"]
[SourceVersionDate "2010.11.26"]
[SourceQuality "1"]
[WhiteTeam "Eberswalde"]
[BlackTeam "Greifswald"]
[WhiteTeamCountry "GER"]
[BlackTeamCountry "GER"]

1. e4 d6 2. d4 Nf6 3. Nc3 g6 4. Nf3 Bg7 5. h3 c6 6. a4 0-0 7. Be2 Qc7 8. 0-0 e5 9. Bg5 Nbd7 10. Re1 Re8 11. d5 cxd5 12. Nxd5 Nxd5 13. Qxd5 h6 14. Bc1 Nf6 15. Qc4 Qe7 16. Qb4 a5 17. Qa3 Bd7 18. Bb5 Bc6 19. Nd2 d5 20. Qxe7 Rxe7 21. Bxc6 bxc6 22. Ra3 dxe4 23. Nxe4 Nd5 24. Bd2 Nb4 25. Rc1 f5 26. Nc5 e4 27. c3 Nd5 28. Rb3 f4 29. Re1 e3 30. Bc1 Bf6 31. fxe3 Bh4 32. Re2 fxe3 33. Nd3 Rd8 34. Kh2 Bg5 35. g3 h5 36. Kg2 h4 37. c4 Nf6 38. Nf4 hxg3 39. Nxg6 Rg7 40. Ne5 Nh5 41. Rexe3 Rd1 42. Rxg3 Rxc1 43. Rb8+ Kh7 44. Rg4 Bf4 45. Rxg7+ Nxg7 46. Ra8 Bxe5 47. Rxa5 Bd4 48. b4 Rxc4 49. b5 cxb5 50. axb5 Rb4 0-1

[Event "Oberliga Nord O 0910"]
[Site "Germany"]
[Date "2009.11.15"]
[Round "2.2"]
[White "Sarbok, Torsten"]
[Black "Bartolomaeus, Christian"]
[Result "1-0"]
[WhiteElo "2319"]
[BlackElo "2224"]
[PlyCount "95"]
[EventDate "2009.10.18"]
[EventType "team-tourn"]
[EventRounds "9"]
[EventCountry "GER"]
[SourceTitle "EXT 2011"]
[Source "ChessBase"]
[SourceDate "2010.11.26"]
[SourceVersion "1"]
[SourceVersionDate "2010.11.26"]
[SourceQuality "1"]
[WhiteTeam "Koenig Tegel"]
[BlackTeam "Greifswald"]
[WhiteTeamCountry "GER"]
[BlackTeamCountry "GER"]

1. e4 d6 2. Bc4 Nf6 3. d3 g6 4. Nf3 Bg7 5. h3 d5 6. exd5 Nxd5 7. 0-0 0-0 8. Re1 Nc6 9. c3 e5 10. Nbd2 Kh8 11. Bb5 Nf4 12. Nf1 g5 13. Bxf4 exf4 14. d4 Qf6 15. N1h2 h5 16. Ne5 Qh6 17. Nxc6 bxc6 18. Be2 c5 19. dxc5 Rb8 20. Qc2 Qf6 21. Bxh5 Bf5 22. Qc1 Qc6 23. Bg4 Bxg4 24. hxg4 Qxc5 25. Qc2 Rb6 26. Rac1 Rd8 27. Nf3 Bf6 28. Nd2 Qd5 29. Ne4 Qxa2 30. Ra1 Qc4 31. Rxa7 Kg7 32. Ra4 Qc6 33. Ra5 Re8 34. Re2 Ra6 35. Nxg5 Rh8 36. Rxa6 Qxa6 37. Nf3 Qa5 38. Re1 Rb8 39. Qc1 Qa4 40. g5 Bd8 41. b4 Qb3 42. Re8 Qd5 43. Re5 Qc4 44. Qe1 Rb5 45. Re4 Qa2 46. c4 Rf5 47. Qc3+ Kh7 48. Qd3 1-0

[Event "Oberliga Nord O 0708"]
[Site "Germany"]
[Date "2008.04.20"]
[Round "9.2"]
[White "Bubolz, Konstantin"]
[Black "Bartolomaeus, Christian"]
[Result "1-0"]
[WhiteElo "2110"]
[BlackElo "2240"]
[PlyCount "101"]
[EventDate "2007.10.21"]
[EventType "team-tourn"]
[EventRounds "9"]
[EventCountry "GER"]
[SourceTitle "EXT 2009"]
[Source "ChessBase"]
[SourceDate "2008.11.26"]
[SourceVersion "1"]
[SourceVersionDate "2008.11.26"]
[SourceQuality "1"]
[WhiteTeam "Koenig Tegel II"]
[BlackTeam "Greifswald"]
[WhiteTeamCountry "GER"]
[BlackTeamCountry "GER"]

1. d4 f5 2. g3 Nf6 3. Bg2 g6 4. c4 Bg7 5. Nc3 0-0 6. Nf3 d6 7. 0-0 Qe8 8. d5 a5 9. Rb1 Na6 10. b3 Kh8 11. Nd4 h6 12. Bb2 g5 13. e4 f4 14. Nf5 Bxf5 15. exf5 Nd7 16. g4 Ne5 17. Nb5 c5 18. Nc3 Bf6 19. Be4 Kg7 20. Bf3 Rg8 21. Ne4 b5 22. Kg2 Qd7 23. cxb5 Qxb5 24. Be2 Qb4 25. Bc4 Qb7 26. f3 Rab8 27. Qe2 Nc7 28. Nxc5 Qa7 29. Bxe5 Bxe5 30. Nd7 Nxd5 31. Bxd5 Qxd7 32. Bxg8 Kxg8 33. Qc4+ Kg7 34. Rbc1 Qa7 35. Rfe1 Bf6 36. Re2 Rb4 37. Qc7 Rb7 38. Qc4 Rb4 39. Qc7 Rb7 40. Qc6 Rb6 41. Qe8 Rb8 42. Qg6+ Kf8 43. Qxh6+ Kf7 44. Qg6+ Kf8 45. h4 gxh4 46. g5 Be5 47. Qe6 Qb7 48. g6 h3+ 49. Kh2 Ke8 50. Rxe5 dxe5 51. g7 1-0

[Event "Oberliga Nord O 0708"]
[Site "Germany"]
[Date "2008.03.09"]
[Round "7.2"]
[White "Schulz, Karsten"]
[Black "Bartolomaeus, Christian"]
[Result "1/2-1/2"]
[WhiteElo "2313"]
[BlackElo "2240"]
[PlyCount "28"]
[EventDate "2007.10.21"]
[EventType "team-tourn"]
[EventRounds "9"]
[EventCountry "GER"]
[SourceTitle "EXT 2009"]
[Source "ChessBase"]
[SourceDate "2008.11.26"]
[SourceVersion "1"]
[SourceVersionDate "2008.11.26"]
[SourceQuality "1"]
[WhiteTeam "Cottbus"]
[BlackTeam "Greifswald"]
[WhiteTeamCountry "GER"]
[BlackTeamCountry "GER"]

1. g3 Nf6 2. Bg2 d5 3. Nf3 Nc6 4. 0-0 e5 5. d3 Be6 6. c4 dxc4 7. Qa4 Bd6 8. dxc4 0-0 9. Rd1 Bd7 10. Qc2 Re8 11. Nc3 h6 12. Be3 Qc8 13. Nd5 Ng4 14. c5 Nxe3 1/2-1/2

[Event "Oberliga Nord O 0708"]
[Site "Germany"]
[Date "2007.10.21"]
[Round "1.2"]
[White "Bartolomaeus, Christian"]
[Black "Schoewel, Matthias"]
[Result "1/2-1/2"]
[WhiteElo "2235"]
[BlackElo "2242"]
[PlyCount "83"]
[EventDate "2007.10.21"]
[EventType "team-tourn"]
[EventRounds "9"]
[EventCountry "GER"]
[SourceTitle "EXT 2009"]
[Source "ChessBase"]
[SourceDate "2008.11.26"]
[SourceVersion "1"]
[SourceVersionDate "2008.11.26"]
[SourceQuality "1"]
[WhiteTeam "Greifswald"]
[BlackTeam "Oberschoeneweide"]
[WhiteTeamCountry "GER"]
[BlackTeamCountry "GER"]

1. e4 e5 2. Nf3 Nc6 3. Bb5 d6 4. d4 Bd7 5. Nc3 Nf6 6. Bxc6 Bxc6 7. Qd3 exd4 8. Nxd4 Bd7 9. Bg5 Be7 10. 0-0-0 0-0 11. f4 Ng4 12. Bxe7 Qxe7 13. Qg3 Nf6 14. Rhe1 c5 15. e5 cxd4 16. exf6 Qxf6 17. Nd5 Qh6 18. Rxd4 Bc6 19. Ne7+ Kh8 20. Red1 Qe6 21. Qh4 Rfe8 22. Re1 Qxa2 23. f5 h6 24. c3 Qa5 25. Rxd6 Qa1+ 26. Kc2 Qa4+ 27. Qxa4 Bxa4+ 28. b3 Bc6 29. g3 a5 30. Kb2 Rac8 31. Re5 Kh7 32. Nxc6 bxc6 33. Rxe8 Rxe8 34. Rxc6 Re2+ 35. Ka3 Rxh2 36. Rd6 Rf2 37. g4 h5 38. gxh5 Rxf5 39. Rd7 Kh6 40. c4 Kxh5 41. Rd5 Kg4 42. Ka4 1/2-1/2

[Event "Leipzig VfB op 14th"]
[Site "Leipzig"]
[Date "2007.03.24"]
[Round "7"]
[White "Gleichmann, Matthias"]
[Black "Bartolomaeus, Christian"]
[Result "0-1"]
[WhiteElo "2069"]
[BlackElo "2211"]
[PlyCount "70"]
[EventDate "2007.03.20"]
[EventType "swiss"]
[EventRounds "9"]
[EventCountry "GER"]
[SourceTitle "EXT 2008"]
[Source "ChessBase"]
[SourceDate "2007.11.25"]
[SourceVersion "1"]
[SourceVersionDate "2007.11.25"]
[SourceQuality "1"]

1. c4 f5 2. Nc3 Nf6 3. g3 g6 4. Bg2 Bg7 5. d3 0-0 6. e4 fxe4 7. dxe4 d6 8. Nge2 c6 9. 0-0 Qb6 10. h3 Nbd7 11. Rb1 a5 12. Na4 Qa6 13. b3 Nb6 14. Nac3 a4 15. Bb2 Qa5 16. Kh2 Qh5 17. Nf4 Qh6 18. Nxa4 Nxa4 19. Bxf6 Rxf6 20. bxa4 Rxf4 21. gxf4 Qxf4+ 22. Kg1 Be5 23. Re1 Be6 24. Qc2 Rf8 25. Rxb7 Qh2+ 26. Kf1 Bxh3 27. Bxh3 Qxh3+ 28. Ke2 Qf3+ 29. Kf1 Bd4 30. Rb2 Qh1+ 31. Ke2 Rxf2+ 32. Kd1 Qh5+ 33. Re2 Rf1+ 34. Kd2 Qa5+ 35. Kd3 Rf3+ 0-1

[Event "Mecklenburg VP LL 0506"]
[Site "Mecklenburg VP"]
[Date "2006.01.29"]
[Round "6.3"]
[White "Knuth, Hannes"]
[Black "Bartolomaeus, Christian"]
[Result "1-0"]
[WhiteElo "2215"]
[BlackElo "2181"]
[PlyCount "71"]
[EventDate "2005.10.23"]
[EventType "team"]
[EventRounds "9"]
[EventCountry "GER"]
[SourceTitle "EXT 2008"]
[Source "ChessBase"]
[SourceDate "2007.11.25"]
[SourceVersion "1"]
[SourceVersionDate "2007.11.25"]
[SourceQuality "1"]
[WhiteTeam "Neukloster"]
[BlackTeam "Greifswald"]
[WhiteTeamCountry "GER"]
[BlackTeamCountry "GER"]

1. d4 f5 2. c4 Nf6 3. g3 g6 4. Bg2 Bg7 5. Nc3 0-0 6. Nf3 d6 7. 0-0 Nc6 8. d5 Na5 9. Nd2 c5 10. a3 Ng4 11. Qc2 Bd7 12. Rb1 a6 13. b3 b5 14. Bb2 bxc4 15. bxc4 Rb8 16. h3 Ne5 17. Nd1 f4 18. g4 e6 19. Bxe5 Bxe5 20. Nc3 exd5 21. Bxd5+ Kg7 22. Rxb8 Qxb8 23. Rb1 Qc8 24. Nf3 h5 25. Nxe5 dxe5 26. Rb6 Rf6 27. Rxf6 Kxf6 28. Ne4+ Kg7 29. Qc3 Qc7 30. Nxc5 Bc8 31. Nd3 hxg4 32. Nxe5 gxh3 33. Nf7+ Kf8 34. Qf6 Ke8 35. Nd6+ Kd7 36. Qe6+ 1-0

[Event "Mecklenburg VP LL 0506"]
[Site "Mecklenburg VP"]
[Date "2006.01.15"]
[Round "5.1"]
[White "Bartolomaeus, Christian"]
[Black "Engel, Gunnar"]
[Result "1/2-1/2"]
[WhiteElo "2181"]
[BlackElo "2084"]
[PlyCount "124"]
[EventDate "2005.10.23"]
[EventType "team"]
[EventRounds "9"]
[EventCountry "GER"]
[SourceTitle "EXT 2008"]
[Source "ChessBase"]
[SourceDate "2007.11.25"]
[SourceVersion "1"]
[SourceVersionDate "2007.11.25"]
[SourceQuality "1"]
[WhiteTeam "Greifswald"]
[BlackTeam "Rostock PSV II"]
[WhiteTeamCountry "GER"]
[BlackTeamCountry "GER"]

1. e4 c5 2. Nf3 d6 3. d4 cxd4 4. Nxd4 Nf6 5. Nc3 a6 6. Be3 e5 7. Nb3 Be6 8. Nd5 Bxd5 9. exd5 Nbd7 10. Be2 Be7 11. 0-0 0-0 12. Kh1 Rc8 13. c4 Re8 14. Rc1 Bf8 15. Qd2 b6 16. Na1 a5 17. Rfd1 Nc5 18. b3 Be7 19. Qc2 h6 20. a3 Nh7 21. b4 axb4 22. axb4 Nd7 23. Bd3 Nhf8 24. Nb3 Bg5 25. Qd2 Bxe3 26. Qxe3 Qh4 27. g3 Qg4 28. f3 Qg5 29. Qxg5 hxg5 30. Nd2 Nf6 31. Ra1 Ra8 32. g4 N8d7 33. Kg2 b5 34. Kg3 Nb6 35. c5 Rxa1 36. Rxa1 dxc5 37. Bxb5 Rc8 38. Ba6 Ra8 39. bxc5 Nbxd5 40. Nb3 e4 41. fxe4 Nxe4+ 42. Kf3 Nef6 43. Bb7 Rxa1 44. Nxa1 Nc7 45. Nb3 Kf8 46. h3 Ke7 47. Nd4 g6 48. Ke3 Kd7 49. Bc6+ Ke7 50. Ba4 Ncd5+ 51. Kf3 Ne8 52. Bxe8 Kxe8 53. Ke4 Nf4 54. h4 Nh3 55. h5 f5+ 56. Nxf5 gxf5+ 57. Kxf5 Nf4 58. c6 Kf7 59. Kxg5 Ne6+ 60. Kh4 Kf6 61. Kg3 Kg5 62. Kf3 Nd4+ 1/2-1/2

[Event "Mecklenburg VP LL 0506"]
[Site "Mecklenburg VP"]
[Date "2005.12.11"]
[Round "4.1"]
[White "Stutz, Reno"]
[Black "Bartolomaeus, Christian"]
[Result "1/2-1/2"]
[WhiteElo "2049"]
[BlackElo "2181"]
[PlyCount "25"]
[EventDate "2005.10.23"]
[EventType "team"]
[EventRounds "9"]
[EventCountry "GER"]
[SourceTitle "EXT 2008"]
[Source "ChessBase"]
[SourceDate "2007.11.25"]
[SourceVersion "1"]
[SourceVersionDate "2007.11.25"]
[SourceQuality "1"]
[WhiteTeam "Wismar"]
[BlackTeam "Greifswald"]
[WhiteTeamCountry "GER"]
[BlackTeamCountry "GER"]

1. e4 d6 2. d4 Nf6 3. Nc3 g6 4. f3 Bg7 5. Be3 c6 6. Qd2 b5 7. Bd3 Nbd7 8. Nge2 0-0 9. 0-0 e5 10. a4 b4 11. Nd1 a5 12. c3 d5 13. Nf2 1/2-1/2

[Event "Mecklenburg VP LL 0506"]
[Site "Mecklenburg VP"]
[Date "2005.10.23"]
[Round "1.1"]
[White "Woller, Roland"]
[Black "Bartolomaeus, Christian"]
[Result "1/2-1/2"]
[WhiteElo "2076"]
[BlackElo "2181"]
[PlyCount "46"]
[EventDate "2005.10.23"]
[EventType "team"]
[EventRounds "9"]
[EventCountry "GER"]
[SourceTitle "EXT 2008"]
[Source "ChessBase"]
[SourceDate "2007.11.25"]
[SourceVersion "1"]
[SourceVersionDate "2007.11.25"]
[SourceQuality "1"]
[WhiteTeam "Neubrandenburg SG Eintracht"]
[BlackTeam "Greifswald"]
[WhiteTeamCountry "GER"]
[BlackTeamCountry "GER"]

1. e4 d6 2. d4 Nf6 3. Nc3 g6 4. Bg5 Bg7 5. Qd2 h6 6. Bh4 g5 7. Bg3 Nh5 8. 0-0-0 Nc6 9. Bb5 Bd7 10. Nge2 e6 11. Rhe1 Nxg3 12. hxg3 a6 13. Ba4 b5 14. Bb3 Na5 15. d5 Qf6 16. Nd4 Qxd4 17. Qxd4 Bxd4 18. Rxd4 e5 19. Rd3 Nb7 20. Nd1 Ke7 21. c3 Raf8 22. Bc2 f5 23. exf5 Bxf5 1/2-1/2

[Event "Berlin Lichtenrade op 02nd"]
[Site "Berlin"]
[Date "2005.10.09"]
[Round "9"]
[White "Bartolomaeus, Christian"]
[Black "Bubolz, Konstantin"]
[Result "1/2-1/2"]
[WhiteElo "2232"]
[BlackElo "2042"]
[PlyCount "78"]
[EventDate "2005.10.01"]
[EventType "swiss"]
[EventRounds "9"]
[EventCountry "GER"]
[SourceTitle "CBM 108 Extra"]
[Source "ChessBase"]
[SourceDate "2005.11.04"]
[SourceVersion "1"]
[SourceVersionDate "2005.11.04"]
[SourceQuality "1"]

1. e4 e6 2. d4 d5 3. Nc3 Bb4 4. exd5 exd5 5. Bd3 Nc6 6. a3 Bxc3+ 7. bxc3 Nf6 8. Bg5 0-0 9. Qf3 Bg4 10. Bxf6 Bxf3 11. Bxd8 Bxg2 12. Bxc7 Rfe8+ 13. Be2 Rxe2+ 14. Kxe2 Re8+ 15. Kd2 Bxh1 16. f3 g5 17. Re1 Rxe1 18. Kxe1 f5 19. Kf2 Kf7 20. Kg3 h5 21. h4 g4 22. fxg4 fxg4 23. Ne2 Bf3 24. Nf4 Ne7 25. Nxh5 Nf5+ 26. Kf4 Kg6 27. Ng3 Nxg3 28. Kxg3 b5 29. Kf4 a6 30. Ke3 Kf5 31. Bg3 Be4 32. Kd2 Ke6 33. h5 Bh7 34. Bh4 Kf5 35. Ke3 g3 36. Bxg3 Kg4 37. Bc7 Kxh5 38. Kf4 Bxc2 39. Ke5 Bb3 1/2-1/2